| 000 | 00388nam a2200169Ia 4500 | ||
|---|---|---|---|
| 001 | 8803 | ||
| 003 | IN-NITTTR | ||
| 005 | 20251114233041.0 | ||
| 008 | 251113s9999||||xx |||||||||||||| ||eng|| | ||
| 040 | _beng | ||
| 040 | _cIN-NITTTR | ||
| 041 | _aeng | ||
| 082 | _a671.52 W851F | ||
| 100 | _aWoods, P. F. | ||
| 245 | 0 |
_aFundamentals of welding skills / _cWoods, P. F. |
|
| 942 |
_2ddc _cBK |
||
| 999 |
_c11440 _d11440 |
||